Modele samochodów (trudne) - Statystyki

Ogólne statystyki
  • Ten quiz został rozwiązany 12 razy
  • Średni wynik to 8 z 20
Statystyki odpowiedzi
Obrazkowy Odpowiedź % Poprawnych
126p
71%
918
71%
divo
71%
enzo
57%
murcielago
57%
sesto elemento
57%
veneno
57%
f1
43%
nsx
43%
rs2
43%
xbow
43%
lm002
29%
tourbillon
29%
zonda
29%
cc850
14%
cerbera
14%
exige
14%
intensa emozione
14%
mono
14%
tsr-s
14%
Nie znaleziono quizów pasujących do podanych kryteriów
Rozkład punktacji
Procent ludzi z każdym wynikiem
Percentyl według liczby udzielonych odpowiedzi
Twoja historia wyników
Nie rozwiązałeś tego quizu